Memory-Based User-Centric Backhaul- A ware User Cell Association Scheme / (Record no. 528082)

000 -LEADER
fixed length control field 00508nam a22001577a 4500
020 ## - INTERNATIONAL STANDARD BOOK NUMBER
Qualifying information Hard Cvoer.
082 ## - DEWEY DECIMAL CLASSIFICATION NUMBER
Classification number 621.3
100 ## - MAIN ENTRY--PERSONAL NAME
Personal name Pervez, Farrukh
245 ## - TITLE STATEMENT
Title Memory-Based User-Centric Backhaul- A ware User Cell Association Scheme /
Statement of responsibility, etc. Farrukh Pervez.
260 ## - PUBLICATION, DISTRIBUTION, ETC.
Place of publication, distribution, etc. Islamabad:
Name of publisher, distributor, etc. SEECS - NUST,
Date of publication, distribution, etc. 2017.
300 ## - PHYSICAL DESCRIPTION
Extent vi, 70 p. : ill. ;
Dimensions 30cm.
942 ## - ADDED ENTRY ELEMENTS (KOHA)
Source of classification or shelving scheme
Koha item type Thesis
650 ## - SUBJECT ADDED ENTRY--TOPICAL TERM
Topical term or geographic name entry element Ms Thesis.
700 ## - ADDED ENTRY--PERSONAL NAME
Personal name Dr. Muhammad Shahzad Younis.
650 ## - SUBJECT ADDED ENTRY--TOPICAL TERM
-- 18721
700 ## - ADDED ENTRY--PERSONAL NAME
-- 19625
Holdings
Withdrawn status Lost status Source of classification or shelving scheme Damaged status Not for loan Permanent Location Current Location Shelving location Date acquired Full call number Barcode Date last seen Price effective from Non-public note Koha item type
          Central Library (CL) Central Library (CL) Thesis 08/28/2019 621.3 CL-T-3179 08/28/2019 08/28/2019 Minute Sheet No. 0929/02/CL/Survey/5 dated 23rd April 2024 E-MIN ID 114741 Thesis
© 2023 Central Library, National University of Sciences and Technology. All Rights Reserved.